000 00726nam a2200265 4500
001 37549
003 BD-RjUL
005 20211209052624.0
008 150125s1967 enka b 000 0 eng
035 _a(BD-RjUL)
040 _aDLC
_cDLC
_dDLC
_beng
041 _aeng
082 0 0 _a594
_bMOM 1967
100 1 _aMorton, John Edward.
_9115327
245 0 0 _aMolluscs /
_cJ. E. Morton.
250 _a4th (revised) ed.
260 _aLondon :
_bHutchinson,
_c1967.
300 _a244 p. :
_billus. ;
_c22 cm.
490 0 _aHutchinson university library: Biological sciences
504 _aBibliography: p. [226]-235.
650 0 _aMollusks.
_9115328
942 _2ddc
_cBK
999 _c37549
_d37549